Every Character In Percy Jackson And The Olympians By Letter-S - Statistics

General Stats
  • This quiz has been taken 8 times
  • The average score is 3 of 9
Answer Stats
Times Mentioned Answer % Correct
27 Sally Jackson
86%
89 Silena Beauregard
86%
11 Scylla
43%
1 Shakespeare
14%
28 Silenus
14%
34 Sphinx
14%
1 Susan B. Anthony
14%
1 Queen Sess
0%
3 Skull Eater
0%
No matching quizzes found
Score Distribution
Percent of People with Each Score
Percentile by Number Answered
Your Score History
You have not taken this quiz